000 00776nam a2200289Ia 4500
001 19318
003 IT-RoPAU
008 130308s9999 xx 000 0 und d
040 _aIT-RoPAU
040 _cIT-RoPAU
041 _aITALIANO
100 _aAjassa Matteo
100 _gCodice Aut. SPICS: 10044
245 _aGioventu', tempo libero e mass media
245 _bComunicazione Sociale Oggi (La)
250 _a1a ed.
260 _aROMA
260 _bEp/Centro Catechistico
260 _c1970 [1° Ed.:1970 - Ed.Ling.Originale:1970]
300 _a"5 p. (prefazione: no ; testo: 5 [pagine: 58-62])"
650 _aSAGGI PASTORALE COMUNICAZIONE SOCIALE
650 _eCodice materia Spics: 9311
942 _cBK
957 _71
999 _c64487
_d64487
999 _bSI
999 _g1